000 00664nam a2200253Ia 4500
003 OSt
005 20220918174659.0
006 a|||||r|||| 00| 0
007 ta
008 220917b |||||||| |||| 00| 0 eng d
024 _a13,609
037 _cTextual
040 _aARTS
_cARTS
_beng
041 _2eng
_aeng
082 _a/\22:3, H9;J6
100 _aMuzumdar S
_950010
245 0 _aYogic exercises for the fit and the ailing
250 _a2nd
260 _aBombay
_bOrient Longmmans ltd
_c1956
300 _axii,144p.
_ccm.
650 _aSPIRITUALISM
942 _h/\22:3, H9;J6
_cTEXL
_2CC
999 _c154250
_d154250